Random Countries in the Northern Hemisphere - Statistics

General Stats
  • This quiz has been taken 59 times
  • The average score is 11 of 14
Answers on the Map
Answers color-coded by a green-red scale on the quiz's map according to % correct below.
 
Answer Stats
Answer % Correct
Finland
90%
China
88%
Chad
86%
Estonia
86%
Panama
86%
Azerbaijan
84%
Guyana
84%
Netherlands
84%
North Macedonia
84%
Senegal
82%
Togo
78%
Djibouti
76%
Palau
73%
Marshall Islands
61%
No matching quizzes found
Score Distribution
Percent of People with Each Score
Percentile by Number Answered
Your Score History
You have not taken this quiz